Седиментационная модель и типы руд Бакчарского железорудного проявления (Томская область): диссертация на соискание ученой степени кандидата геолого-минералогических наук; спец. 25.00.11

Xehetasun bibliografikoak
Egile nagusia: Рудмин М. А. Максим Андреевич
Erakunde egilea: Национальный исследовательский Томский политехнический университет (ТПУ)
Beste egile batzuk: Мазуров А. К. Алексей Карпович (научный руководитель)
Gaia:Защищена 21.05.2015 г.
Hizkuntza:errusiera
Argitaratua: Томск, 2015
Gaiak:
Formatua: Liburua
KOHA link:https://koha.lib.tpu.ru/cgi-bin/koha/opac-detail.pl?biblionumber=302019

MARC

LEADER 00000nbm0a2200000 4500
001 302019
005 20240823063200.0
035 |a (RuTPU)RU\TPU\book\327214 
035 |a RU\TPU\book\327210 
090 |a 302019 
100 |a 20150818j20150521k y0rusy50 ca 
101 0 |a rus 
102 |a RU 
105 |a a m 001zy 
200 1 |a Седиментационная модель и типы руд Бакчарского железорудного проявления (Томская область)  |e диссертация на соискание ученой степени кандидата геолого-минералогических наук  |e спец. 25.00.11  |f М. А. Рудмин  |g Национальный исследовательский Томский политехнический университет (ТПУ) ; науч. рук. А. К. Мазуров 
210 |a Томск  |d 2015 
215 |a 165 л.  |c ил. 
300 |a Защищена 21.05.2015 г. 
320 |a Библиогр.: с. 148-165 (159 назв.). 
606 1 |a Железорудные месторождения  |y Сибирь  |2 stltpush  |3 (RuTPU)RU\TPU\subj\72210  |9 85780 
610 1 |a Западно-Сибирский железорудный бассейн 
610 1 |a Бакчарское железорудное проявление 
610 1 |a геологическое строение 
610 1 |a фации 
610 1 |a железные руды 
610 1 |a текстурно-структурные особенности 
610 1 |a минеральный состав 
610 1 |a химический состав 
610 1 |a геохимическая специализация 
610 1 |a физико-механические свойства 
610 1 |a магнитные свойства 
610 1 |a типы 
610 1 |a диссертации 
610 1 |a труды учёных ТПУ 
675 |a 553.31(571)(04)  |v 3 
686 |a 25.00.11  |2 oksvnk 
700 1 |a Рудмин  |b М. А.  |c геолог  |c доцент Томского политехнического университета, кандидат геолого-минералогических наук  |f 1989-  |g Максим Андреевич  |3 (RuTPU)RU\TPU\pers\30397  |9 14740 
702 1 |a Мазуров  |b А. К.  |c горный инженер геолог  |c профессор-консультант Томского политехнического университета, доктор геолого-минералогических наук  |f 1951-  |g Алексей Карпович  |x TPU  |y Томск  |3 (RuTPU)RU\TPU\pers\26068  |4 727  |9 11906 
712 0 2 |a Национальный исследовательский Томский политехнический университет (ТПУ)  |c (2009- )  |3 (RuTPU)RU\TPU\col\15902 
801 1 |a RU  |b 63413507  |c 20150818 
801 2 |a RU  |b 63413507  |c 20150915  |g RCR 
942 |c BK